000 00514nam a2200193Ia 4500
005 20250508152105.0
008 008 250505s9999 xx 000 0 eng d
037 _aTextual
040 _aFEDL
_beng
_cFEDL
041 _aeng
_2eng
084 _a332, KRI
_qFEDL
100 _aKrishnamachari T.T.
_9760735
245 0 _aSpeeches
260 _aNew Delhi, India
_bThe Publications Division
_c1957
300 _a162p.
650 _aEconomics
942 _cTEXL
_h332, KRI
999 _c1334186
_d1334186